UBT Library

Analiza e Origjines dhe Natyres se Strategjise se Menaxhimit qe ndikon ne Efektivitetin Organizativ (Record no. 45303)

000 -LEADER
fixed length control field 00342nam a22001217a 4500
008 - FIXED-LENGTH DATA ELEMENTS--GENERAL INFORMATION
fixed length control field 180419b xxu||||| |||| 00| 0 eng d
041 ## - LANGUAGE CODE
Language code of text/sound track or separate title eng
080 ## - UNIVERSAL DECIMAL CLASSIFICATION NUMBER
Universal Decimal Classification number 043.3
100 ## - Rafti
Rafti 0
101 ## - Shkurtesa
Shkurtesa MBE-MA
245 ## - TITLE STATEMENT
Title Analiza e Origjines dhe Natyres se Strategjise se Menaxhimit qe ndikon ne Efektivitetin Organizativ
Statement of responsibility, etc Vokshi, P
942 ## - ADDED ENTRY ELEMENTS (KOHA)
Source of classification or shelving scheme
Item type Books
Holdings
Withdrawn status Lost status Source of classification or shelving scheme Damaged status Not for loan Collection code Permanent location Current location Shelving location Date acquired Total Checkouts Full call number Barcode Date last seen Price effective from Koha item type
          Koleksioni i përgjithshem UBT - Lipjan UBT - Lipjan Koleksioni i lëndeve mesimore 04/19/2018   043.3 Vokshi, P 2017 002-3002503 04/19/2018 04/19/2018 Books
          Koleksioni i përgjithshem UBT - Lipjan UBT - Lipjan Koleksioni i lëndeve mesimore 04/19/2018   043.3 Vokshi, P 2017 002-3002509 04/19/2018 04/19/2018 Books
          Koleksioni i përgjithshem UBT - Lipjan UBT - Lipjan Koleksioni i lëndeve mesimore 04/19/2018   043.3 Vokshi, P 2017 002-3002508 04/19/2018 04/19/2018 Books
UBT Library © 2015-2024. All rights reserved University Education for Business and Technology